Las facturas apócrifas como medio de la evasión agravada (Registro nro. 15218)

Detalles MARC
000 -LEADER
fixed length control field 00335 a2200109 4500
001 - CONTROL NUMBER
control field ART_18407
005 - DATE AND TIME OF LATEST TRANSACTION
control field 20260410161701.0
008 - FIXED-LENGTH DATA ELEMENTS--GENERAL INFORMATION
fixed length control field 260409a
100 1# - MAIN ENTRY--PERSONAL NAME
Personal name Haddad, Jorge Enrique
245 10 - TITLE STATEMENT
Title Las facturas apócrifas como medio de la evasión agravada
773 0# - HOST ITEM ENTRY
Title Revista Impuestos
Related parts - Nº 2 (feb. 2013)
Record control number REV639

No hay ítems disponibles.